000 00206nam a22000857a 4500
008 170127b xxu||||| |||| 00| 0 eng d
100 _92586
_aMohan.R
245 _aMathesis Class-4
260 _aNew Delhi
_bGRB
_c2012
999 _c5710
_d5710